| 000 | 00512nam a22001697a 4500 | ||
|---|---|---|---|
| 003 | OSt | ||
| 005 | 20260210014532.0 | ||
| 008 | 260210b |||||||| |||| 00| 0 eng d | ||
| 020 | _a978-971-07-3832-8 | ||
| 040 |
_aDWCL - Main Lib. _cOC |
||
| 082 | _aFil. B562 2016 | ||
| 100 |
_aBeticon, Josefina Loria _eAuthor |
||
| 245 | _aFundamentals of Accountancy, Business And Management | ||
| 260 |
_aQuezon City; _bVibal Group, _cc2016 |
||
| 300 |
_aviii, 270 pages: _billustration; _c25 cm |
||
| 942 |
_2ddc _cBK - FIL _n0 |
||
| 999 |
_c8320 _d8320 |
||